| 000 | 01025nam a2200301Ia 4500 | ||
|---|---|---|---|
| 001 | Z_6289 | ||
| 003 | CHAP | ||
| 008 | 220113s1985 xx 000 0 und d | ||
| 010 | _a169526 | ||
| 040 | _cCHAP | ||
| 082 | _a639.3089 M36 | ||
| 245 |
_aManual de enfermedades de los peces de agua dulce / _cTesresa Meireles Rodríguez... [et. al] |
||
| 260 |
_aCuba : _bMinisterio de Educación Superior :, _bInstituto Superior de Ciencias Agropecuarias de la Habana :, _bFacualtad de Medicina Veterinaria, _c1985 |
||
| 300 | _a215 p. | ||
| 503 | _aej.1: s/n | ||
| 504 | _aBibliografía: p. 212 - 215 | ||
| 650 |
_aPeces _986441 |
||
| 650 |
_aPeces _xEnfermedades _986448 |
||
| 650 |
_aPiscicultura _988531 |
||
| 700 |
_aMeireles Rguez, Teresa, autor _9144392 |
||
| 710 |
_aMinisterio de Educación Superior, Instituto Superior de Ciencias Agropecuarias de la Habana, Facualtad de Medicina Veterinaria _9144393 |
||
| 901 | _a639.3089 M36 | ||
| 902 | _aM | ||
| 910 | _a1985 | ||
| 942 | _c1 | ||
| 942 | _cc1 | ||
| 999 |
_c169526 _d169526 |
||